000 00841nam a2200253Ia 4500
003 OSt
005 20220923211448.0
006 a|||||r|||| 00| 0
007 ta
008 Pun
020 _a9789350681237 (hbk)
_c350
024 _a271,044
037 _b673, 04/06/2013, H.K. Prakashan
_cTextual
040 _aARTS
_cARTS
_bPun
041 _2Pun
_aPun
082 _aO153,3:g, Q2
100 _aਗੁਰਾਇਆ, ਜਸਵਿੰਦਰ ਸਿੰਘ
245 0 _aਪਰਵਾਸੀ ਪੰਜਾਬੀ ਕਥਾ ਚਿੰਤਨ
260 _aਚੰਡੀਗੜ
_b ਲੋਕਗੀਤ
_c2012
300 _a230ਪੰ
_ccm.
650 _aਪੰਜਾਬੀ ਸਾਹਿਤ
942 _hO153,3:g, Q2
_cTEXL
_2CC
999 _c299754
_d299754